[Event "Madrid-B"]
[Site "Madrid"]
[Date "1993.??.??"]
[Round "?"]
[White "Gallego, Victoriano"]
[Black "Reyes, Juan"]
[Result "1/2-1/2"]
[WhiteElo "2375"]
[BlackElo "2450"]

1.d4 Nf6 2.c4 g6 3.Nc3 Bg7 4.e4 d6 5.Nf3 O-O 6.Be2 e5 7.O-O Nc6 8.d5 Ne7
9.b4 a5 10.Ba3 axb4 11.Bxb4 Nd7 12.a4 f5 13.Nd2 Bh6 14.Nb3 Nf6 15.Bd3 c5
16.dxc6 bxc6 17.Qc2 Be6 18.Rad1 Qb8 19.Ba3 Rd8 20.Rb1 Qa7 21.a5 Rac8 22.Qe2 fxe4
23.Nxe4 Nxe4 24.Bxe4 Nf5 25.Rbd1 Rb8 26.Bc2 Qa6 27.Bxf5 gxf5 28.Nd4 Bxc4
29.Qh5 Bg7 30.Nxf5 Bxf1 31.Qg5 Rd7 32.Rxf1 c5 33.Qg4 Kh8 34.h4 Qxa5 35.Bc1 Qb4
36.Qh5 Qc4 37.Bh6 Bxh6 38.Qxh6 Qf7 39.Nxd6 Qg6 40.Qxg6 hxg6 41.Ne4 Rd4 42.Nxc5 Rb5
43.Rc1 Rxh4 44.f3 Rhb4 45.Kh2 Rb1 46.Rc3 Kg7 47.Ne4 Kh6 48.Rc7 Rb7 49.Rc5 R1b5
50.Rc8 Ra7 51.Re8 Ra6 52.Re7 Rba5 53.Kh3 Ra7 54.Re6 Kg7 55.Kg4 Kh6 56.Ng5 Rd5
57.g3 Ra4+ 58.Ne4 Ra7 59.Ng5 Kg7 60.Re8 Ra4+  1/2-1/2

[Event "Makarska"]
[Site "Makarska"]
[Date "1993.??.??"]
[Round "?"]
[White "Stone, Raymond"]
[Black "Ljubicic, Filip"]
[Result "1/2-1/2"]
[WhiteElo "2365"]
[BlackElo "2335"]

1.d4 Nf6 2.c4 g6 3.Nc3 Bg7 4.e4 d6 5.Be2 O-O 6.Nf3 e5 7.O-O Nc6 8.d5 Ne7
9.Ne1 Nd7 10.Nd3 f5 11.Bd2 Nf6 12.f3 c5 13.Rb1 a5 14.a3 Rf7 15.b4 axb4 16.axb4 b6
17.Qc2 Qf8 18.Ra1 Rxa1 19.Rxa1 fxe4 20.fxe4 Bg4 21.Qd1 Bd7 22.bxc5 bxc5 23.Ra6 Nc8
24.Be3 Bh6 25.Qd2 Bxe3+ 26.Qxe3 Ng4 27.Qd2 Nf2 28.Nxf2 Rxf2 29.Ra1 Kg7 30.Rb1 Rf7
31.Qg5 h6 32.Qg3 Qd8 33.Bg4 Bxg4 34.Qxg4 Qa5 35.Qg3 Nb6 36.Qd3 Qa6 37.Rb5 Nd7
38.Rb1 Qa3 39.Qc2 Nf6  1/2-1/2

[Event "Mar del Plata op"]
[Site "Mar del Plata"]
[Date "1993.??.??"]
[Round "7"]
[White "Llanos, Guillermo"]
[Black "Langier, Daniel"]
[Result "1/2-1/2"]
[WhiteElo "2340"]
[BlackElo "2315"]

1.d4 Nf6 2.c4 g6 3.Nc3 Bg7 4.e4 d6 5.Nf3 O-O 6.Be2 e5 7.O-O Nc6 8.d5 Ne7
9.Ne1 Nd7 10.Nd3 f5 11.Bd2 Nf6 12.f3 f4 13.g4 g5 14.Kg2 h5 15.h3 Kf7 16.Be1 Rh8
17.Bf2 Ng6 18.Rh1 Bd7 19.c5 hxg4 20.hxg4 Rxh1 21.Qxh1 Qe7 22.c6 bxc6 23.dxc6 Be6
24.Qf1 Nh4+ 25.Bxh4 gxh4 26.Nf2 h3+ 27.Nxh3 Rh8 28.Bc4 Kg6 29.Bxe6 Qxe6 30.Nf2 Rb8
31.b3 Rb6 32.Qd3 Rxc6 33.Nd5 Kf7 34.Rh1 Rc5 35.Nh3 Qd7 36.Nxf6 Kxf6 37.Nf2 Qc6
38.Rd1 a5 39.Qf1 Rc2 40.Qh1 Rxa2 41.Qh4+ Kf7 42.Qh5+ Kg8 43.Rh1  1/2-1/2

[Event "Pirc mem"]
[Site "Maribor"]
[Date "1993.??.??"]
[Round "?"]
[White "Kozul, Zdenko"]
[Black "Riegler, Primoz"]
[Result "1-0"]
[WhiteElo "2550"]
[BlackElo "2235"]

1.d4 Nf6 2.Nf3 g6 3.c4 Bg7 4.Nc3 O-O 5.e4 d6 6.Be2 e5 7.O-O Nc6 8.d5 Ne7
9.Ne1 Nd7 10.Nd3 f5 11.Bd2 Kh8 12.f3 Nf6 13.Rc1 c5 14.g4 h6 15.Kg2 fxg4 16.fxg4 g5
17.Kh1 Ng6 18.Rg1 Qe7 19.Nf2 Nf4 20.Bf1 Rg8 21.Ne2 h5 22.gxh5 Bh6 23.Ng3 Qh7
24.Rc3 Bd7 25.Bd3 Rae8 26.Bc2 a6 27.Ra3 Bf8 28.Nf5 Nxe4 29.Bxe4 Bxf5 30.Qe1 Be7
31.Rb3 Rb8 32.a4 b6 33.Rbg3 Rgf8 34.Qe3 b5 35.cxb5 axb5 36.a5 b4 37.Qe1 Bd8
38.Bxf5 Qxf5 39.Ne4 Nxd5 40.Nxd6 Qe6 41.Nc4 Bf6 42.Qe4 Qc6 43.Bxg5 Bg7 44.h6  1-0

[Event "Pirc mem"]
[Site "Maribor"]
[Date "1993.??.??"]
[Round "?"]
[White "Cebalo, Miso"]
[Black "Riegler, Primoz"]
[Result "1/2-1/2"]
[WhiteElo "2485"]
[BlackElo "2235"]

1.d4 Nf6 2.Nf3 g6 3.c4 Bg7 4.Nc3 O-O 5.e4 d6 6.Be2 e5 7.O-O Nc6 8.Be3 Ng4
9.Bg5 f6 10.Bc1 Nh6 11.dxe5 dxe5 12.Be3 Be6 13.Qc1 Nf7 14.Rd1 Qb8 15.b4 Nxb4
16.Bc5 Na6 17.Bxf8 Bxf8 18.Nd2 Nc5 19.Qc2 b6 20.Na4 Nd8 21.Nxc5 Bxc5 22.Qa4 Bd4
23.Qe8+ Kg7 24.Rac1 Bf7 25.Qd7 Nb7 26.Nb3 Nc5 27.Nxc5 Bxc5 28.Bg4 Bd4 29.Qc6 h5
30.Bd7 a5 31.a4 Ra7 32.Kf1 Qf8 33.Rd3 Qd6 34.Rf3 Bb2 35.Qxd6 cxd6 36.Rc2 Bd4
37.Bb5 Be6 38.Rd3 Bc5 39.Rcd2 Rc7 40.Ke2 Kf7 41.h3  1/2-1/2

[Event "Melbourne Masters"]
[Site "Melbourne"]
[Date "1993.??.??"]
[Round "1"]
[White "Hacche, David"]
[Black "Gluzman, Mikhail"]
[Result "0-1"]
[WhiteElo "2260"]
[BlackElo "2440"]

1.Nf3 Nf6 2.c4 g6 3.Nc3 Bg7 4.d4 d6 5.e4 O-O 6.Be2 e5 7.O-O Nc6 8.d5 Ne7
9.b4 a5 10.bxa5 c5 11.dxc6 bxc6 12.Bd2 d5 13.cxd5 cxd5 14.exd5 e4 15.d6 Nf5
16.Ne5 Qxd6 17.Nc4 Qe6 18.Rb1 Nd4 19.Rb6 Qf5 20.Nb5 Nxe2+ 21.Qxe2 Ba6 22.a4 Nd7
23.Ne3 Qg5 24.Rd6 Ne5 25.Nc4 Qf5 26.Ne3 Qg5 27.Nc4 Qf5 28.Nb6 Nf3+ 29.gxf3 exf3
30.Qc4 Qh3  0-1

[Event "AUS-ch op"]
[Site "Melbourne"]
[Date "1993.??.??"]
[Round "10"]
[White "Allen, Andrew"]
[Black "Chapman, Mark"]
[Result "0-1"]
[WhiteElo "2170"]
[BlackElo "2360"]

1.d4 Nf6 2.c4 g6 3.Nc3 Bg7 4.e4 d6 5.Be2 O-O 6.Nf3 e5 7.O-O Nc6 8.d5 Ne7
9.Ne1 Nd7 10.Nd3 f5 11.f3 f4 12.Bd2 g5 13.a4 Ng6 14.a5 Rf7 15.a6 b6 16.Nb4 g4
17.fxg4 Qg5 18.Nc6 Nb8 19.Nb5 Nxc6 20.dxc6 Be6 21.b4 Bf8 22.Ra3 Rg7 23.Rh3 Nh4
24.Be1 Nxg2 25.Kxg2 h5 26.Kg1 hxg4 27.Ra3 Rh7 28.Rf2 f3 29.Bf1 Qh5 30.Rc2 Bh6
31.Bg3 Bf4 32.Qe1 Qg6 33.Bd3 Qg5 34.Bf1 Rf7 35.Qf2 Rh7 36.Kh1 Kh8 37.Raa2 Bc1
38.Rc3 Bf4 39.Rb3 Bg8 40.Rc3 Rf7 41.Rb3 Bh7 42.Nc3 Be3 43.Qe1 Raf8 44.Nd1 Bd4
45.Nf2 Bg6 46.Qd2 Qh5 47.Bd3 Rh7 48.Kg1 Be8 49.b5 Bg6 50.Kf1 Bf7 51.Ke1 Be6
52.Kd1 Rg8 53.Rc2 Rg6 54.Kc1 Rgh6 55.Kb1 Qg6 56.Qe1 Kg8 57.Nd1 Rh3 58.Ne3 Qf7
59.Nf1 Kf8 60.Ka2 Ke8 61.Ne3 Bc5 62.Nf1 f2 63.Qd1 Rh8 64.Rb1 Rf8 65.Qe2 Qh7
66.Rbc1 Rf3 67.Nd2 Re3 68.Qf1 Rhxg3 69.hxg3 Rxg3 70.Nb3 Be3 71.Qe2 Bxc1 72.Nxc1 Qf7
73.Qxf2 Qxf2 74.Rxf2 Rxd3 75.Nxd3 Bxc4+ 76.Kb2 Bxd3 77.Rg2 Bxb5 78.Rxg4 Bxc6
79.Rg8+ Kd7 80.Rg7+ Kd8 81.Rg8+ Ke7 82.Rg7+ Kd8 83.Rg8+ Be8 84.Rh8 Kd7 85.Rh7+ Kc6
86.Rg7 Bh5 87.Rg1 Be2 88.Rc1+ Kd7 89.Ra1 Bd3 90.Ra4 b5 91.Rb4 c5 92.Rb3 c4
93.Ra3 Kc6 94.Kc3 Kc5 95.Ra1 Bxe4 96.Rg1 b4+ 97.Kb2  0-1

[Event "Merida"]
[Site "Merida"]
[Date "1993.??.??"]
[Round "2"]
[White "Toth, Christian Endre"]
[Black "Hernandez, Gilberto"]
[Result "1-0"]
[WhiteElo "2420"]
[BlackElo "2505"]

1.d4 Nf6 2.c4 g6 3.Nc3 Bg7 4.e4 d6 5.Nf3 O-O 6.Be2 e5 7.O-O Nc6 8.Be3 Ng4
9.Bg5 f6 10.Bc1 f5 11.Bg5 Qe8 12.d5 Nd4 13.Nxd4 exd4 14.Nb5 Qe5 15.f4 Qxe4
16.Bxg4 fxg4 17.Re1 Qf5 18.Nxd4 Bxd4+ 19.Qxd4 Bd7 20.Re7 Rf7 21.Rae1 Raf8
22.Rxf7 Rxf7 23.Qxa7 Kg7 24.Qd4+ Kg8 25.Qa7 Kg7 26.Qd4+ Kg8 27.Qc3 h5 28.Qd4 Kh7
29.Bd8 c5 30.Qe3 Kg8 31.Qe4 Qxf4 32.Qxg6+ Kf8 33.Be7+  1-0

[Event "Merida"]
[Site "Merida"]
[Date "1993.??.??"]
[Round "4"]
[White "Vescovi, Giovanni"]
[Black "Rios, Alejandro"]
[Result "1/2-1/2"]
[WhiteElo "2340"]
[BlackElo "2335"]

1.d4 Nf6 2.c4 g6 3.Nc3 Bg7 4.e4 O-O 5.Nf3 d6 6.Be2 e5 7.O-O Nc6 8.d5 Ne7
9.Ne1 Nd7 10.Nd3 f5 11.Bd2 Nf6 12.f3 f4 13.g4 g5 14.b4 h5 15.h3 hxg4 16.hxg4 Ng6
17.Be1 Rf7 18.Kg2 Ne8 19.Rc1 Qf6 20.c5 Bh6 21.a4 Rh7 22.Rh1 Qh8 23.Bf2 Bf8
24.Qd2 a5 25.bxa5 Rxa5 26.cxd6 Bxd6 27.Rxh7 Qxh7 28.Qb2 Nh4+ 29.Kg1 b6 30.Nb5 Ba6
31.Nxd6 cxd6 32.Qxb6 Bxd3 33.Qd8 Kf8 34.Bxd3 Nxf3+ 35.Kg2 Rxa4 36.Kxf3 Ra3
37.Ke2 f3+ 38.Ke3 Qa7+ 39.Kxf3 Qa6 40.Be3 Qxd3 41.Qxg5 Ra2 42.Kg3 Ra7 43.Rh1 Ng7
44.Rh8+ Kf7 45.Rh6 Rd7 46.Rf6+ Kg8 47.Rf3 Qxe4 48.Qf6 Rb7 49.Kh2 Rb2+ 50.Bf2 Qh7+
51.Kg2 Qe4 52.Qf7+ Kh7 53.Kh2 Rxf2+ 54.Rxf2 Qxg4 55.Rf3 Kh6 56.Rf6+ Kh7 57.Rf3 Kh6
58.Qf6+ Kh7 59.Qf8 Nh5 60.Rf7+ Ng7 61.Rf3 Nh5 62.Qf7+ Kh6 63.Qe6+ Qg6 64.Rf8 Nf4
65.Rh8+ Kg5 66.Qxg6+  1/2-1/2

[Event "Mlada Boleslav op"]
[Site "Mlada Boleslav"]
[Date "1993.??.??"]
[Round "?"]
[White "Golod, Vitali"]
[Black "Adamek, Zdenek"]
[Result "1-0"]
[WhiteElo "2490"]
[BlackElo "2095"]

1.d4 Nf6 2.c4 g6 3.Nc3 Bg7 4.e4 d6 5.Be2 O-O 6.Nf3 e5 7.O-O Nc6 8.Be3 Ng4
9.Bg5 f6 10.Bh4 g5 11.Bg3 h5 12.d5 Ne7 13.Nd2 Ng6 14.h3 Nh6 15.Bxh5 Nf4 16.Bg4 Kh8
17.f3 Bd7 18.Bf2 Qe7 19.Ne2 f5 20.exf5 Nxf5 21.Ne4 Nh4 22.Nxf4 exf4 23.Bxd7 Qxd7
24.Nxg5 Nf5 25.Ne6 Rg8 26.Re1 Be5 27.Rxe5 dxe5 28.Qe1 Nd6 29.Qxe5+ Kh7 30.Qh5+  1-0

[Event "Mravinci"]
[Site "Mravinci"]
[Date "1993.??.??"]
[Round "?"]
[White "Truta, Srecko"]
[Black "Sinanovic, Muhamed"]
[Result "0-1"]
[WhiteElo "2310"]
[BlackElo "2400"]

1.d4 Nf6 2.Nf3 g6 3.c4 Bg7 4.Nc3 O-O 5.e4 d6 6.Be2 e5 7.O-O Nc6 8.d5 Ne7
9.Nd2 Nd7 10.b4 f5 11.c5 Nf6 12.f3 Bh6 13.Nc4 Bxc1 14.Rxc1 f4 15.Qb3 Kh8
16.Qb2 Ne8 17.Nb5 Kg8 18.Rfd1 g5 19.Nxe5 dxe5 20.Bc4 Ng6 21.d6+ Kg7 22.d7 Bxd7
23.Be6 Bxb5 24.Rxd8 Rxd8 25.a4 Bxa4 26.Qa1 Bc6 27.Qxa7 Rd4 28.Qa5 Bd7 29.Bd5 c6
30.Bc4 Bc8 31.b5 h5 32.Qa8 Nc7 33.Qa5 Nxb5 34.Bxb5 cxb5 35.c6 bxc6 36.Rxc6 Bd7
37.Ra6 Rc8 38.h3 Rd1+  0-1

[Event "Mravinci"]
[Site "Mravinci"]
[Date "1993.??.??"]
[Round "?"]
[White "Truta, Srecko"]
[Black "Bocina, Darko"]
[Result "1-0"]
[WhiteElo "2310"]
[BlackElo "2155"]

1.d4 Nf6 2.Nf3 g6 3.c4 Bg7 4.Nc3 O-O 5.e4 d6 6.Be2 e5 7.O-O Nc6 8.d5 Ne7
9.Nd2 Ne8 10.b4 f5 11.c5 f4 12.Bg4 h5 13.Bxc8 Qxc8 14.a4 Nf6 15.f3 g5 16.Nc4 Ng6
17.Ba3 Rd8 18.Qb3 Bf8 19.b5 dxc5 20.d6 Qe6 21.dxc7 Rd4 22.Rfd1 Rc8 23.b6 axb6
24.Qxb6 Qxb6 25.Nxb6 Rxc7 26.Nb5 Rxd1+ 27.Rxd1 Rc6 28.Nc4 Kf7 29.a5 Ke6 30.Rd8 Nd7
31.Ra8 Ne7 32.Ra7 Nc8 33.Rxb7 Nd6 34.Nbxd6 Bxd6 35.Ra7 Bc7 36.Rb7 Nb8 37.Bb2 Na6
38.Bc3 Nb8 39.Kf2 Na6 40.Ke2 g4 41.Rb1 Nb8 42.Kd3 Nd7 43.Kc2 Ra6 44.Rb7 Bd8
45.Kb3 Bh4 46.Ka4 Bf2 47.Kb5  1-0

[Event "Muenster op"]
[Site "Muenster"]
[Date "1993.??.??"]
[Round "2"]
[White "Molinaroli, Martin"]
[Black "Matthaei, Alexander"]
[Result "1/2-1/2"]
[WhiteElo "2295"]
[BlackElo "2260"]

1.d4 Nf6 2.Nf3 g6 3.c4 Bg7 4.Nc3 O-O 5.e4 d6 6.Be2 e5 7.O-O Nc6 8.d5 Ne7
9.Nd2 a5 10.Rb1 Nd7 11.a3 f5 12.b4 Kh8 13.Qc2 Ng8 14.Nb5 Ndf6 15.f3 c6 16.Nc3 Bh6
17.Qd3 Nh5 18.g3 Bf4 19.gxf4 Nxf4 20.Qc2 Qg5+ 21.Kf2 Nh6 22.Nb3 Qh4+ 23.Kg1 a4
24.Na5 Qg5+ 25.Kf2 Qh4+  1/2-1/2

[Event "Muenster op"]
[Site "Muenster"]
[Date "1993.??.??"]
[Round "2"]
[White "Beckhuis, Gernod"]
[Black "Kroeger, Fabian"]
[Result "1-0"]
[WhiteElo "2300"]
[BlackElo "1980"]

1.d4 Nf6 2.c4 g6 3.Nc3 Bg7 4.e4 d6 5.Nf3 O-O 6.Be2 e5 7.O-O Nc6 8.d5 Ne7
9.Nd2 a5 10.Rb1 Nd7 11.a3 f5 12.b4 Kh8 13.f3 Ng8 14.Qc2 Ndf6 15.c5 Nh5 16.cxd6 cxd6
17.bxa5 Nf4 18.Nc4 fxe4 19.Nxe4 Bf5 20.Rxb7 Nxd5 21.Qb3 Bxe4 22.fxe4 Rxf1+
23.Bxf1 Nf4 24.Qb6 Qg5 25.Bxf4 Qxf4 26.Qc7  1-0

[Event "Muenster op"]
[Site "Muenster"]
[Date "1993.??.??"]
[Round "8"]
[White "Essing, Arnold"]
[Black "Krakops, Maris"]
[Result "1-0"]
[WhiteElo "2055"]
[BlackElo "2230"]

1.d4 Nf6 2.Nf3 g6 3.c4 Bg7 4.Nc3 O-O 5.e4 d6 6.Be2 e5 7.O-O Nc6 8.d5 Ne7
9.Ne1 Nd7 10.f3 f5 11.g4 a5 12.Nd3 b6 13.Be3 Kh8 14.a3 Nc5 15.b3 Ng8 16.Nxc5 bxc5
17.Qd2 Qh4 18.Qe1 Qe7 19.Qd2 Bd7 20.Kg2 Qh4 21.Qe1 Qxe1 22.Raxe1 Bh6 23.Bxh6 Nxh6
24.h3 Ng8 25.Rb1 Rab8 26.g5 h6 27.h4 Kg7 28.Nb5 Bxb5 29.cxb5 Ra8 30.b4 axb4
31.axb4 Ra2 32.Rf2 hxg5 33.bxc5 fxe4 34.fxe4 Rxf2+ 35.Kxf2 dxc5 36.hxg5 Rc2
37.Ra1 Ne7 38.Ra7 Kf8 39.Rxc7 Ke8 40.d6  1-0

[Event "Muenster op"]
[Site "Muenster"]
[Date "1993.??.??"]
[Round "9"]
[White "Hausrath, Daniel"]
[Black "Goldschmidt, Christian"]
[Result "1/2-1/2"]
[WhiteElo "2280"]
[BlackElo "2095"]

1.d4 Nf6 2.c4 g6 3.Nc3 Bg7 4.e4 d6 5.Be2 O-O 6.Nf3 e5 7.O-O Nc6 8.d5 Ne7
9.Nd2 Ne8 10.b4 f5 11.c5 Rf7 12.f3 Kh8 13.Nc4 Ng8 14.a4 Ngf6 15.Ba3 Nh5 16.b5 Bh6
17.Bc1 Bxc1 18.Rxc1 f4 19.b6 axb6 20.cxd6 cxd6 21.Nb5 Rg7 22.Qb3 g5 23.Qb4 Rg6  1/2-1/2

[Event "Munich op9293"]
[Site "Munich"]
[Date "1993.??.??"]
[Round "1"]
[White "Blees, Albert"]
[Black "Tauber, Manfred"]
[Result "1-0"]
[WhiteElo "2415"]
[BlackElo "2220"]

1.d4 Nf6 2.c4 d6 3.Nc3 g6 4.e4 Bg7 5.Nf3 O-O 6.Be2 e5 7.O-O Nc6 8.d5 Ne7
9.Bg5 Nd7 10.Nd2 f5 11.f3 Bf6 12.Be3 Kh8 13.b4 Ng8 14.c5 Be7 15.cxd6 cxd6
16.Nc4 f4 17.Bf2 a6 18.Rc1 Ngf6 19.a4 b6 20.a5 b5 21.Na3 Ne8 22.Ncxb5 axb5
23.Nxb5 Bh4 24.g3 fxg3 25.hxg3 Bg5 26.Rc3 Ndf6 27.Na7 Rxa7 28.Bxa7 Nh5 29.f4 exf4
30.Bxh5 gxh5 31.Bb6 Qd7 32.Bd4+ Ng7 33.gxf4 Ba6 34.Rf2 Rxf4 35.Rxf4 Bxf4
36.Qf3 Qf7 37.b5 Qg6+ 38.Qg2  1-0

[Event "Munich op9293"]
[Site "Munich"]
[Date "1993.??.??"]
[Round "1"]
[White "Van Wely, Loek"]
[Black "Wagner, Anselm"]
[Result "1-0"]
[WhiteElo "2525"]
[BlackElo "2310"]

1.d4 Nf6 2.c4 g6 3.Nc3 Bg7 4.e4 d6 5.Nf3 O-O 6.Be2 e5 7.O-O Nc6 8.d5 Ne7
9.b4 Nh5 10.g3 f5 11.Ng5 Nf6 12.f3 c6 13.b5 Kh8 14.Be3 h6 15.Ne6 Bxe6 16.dxe6 d5
17.cxd5 cxd5 18.Nxd5 Nexd5 19.exd5 Nxd5 20.Bc5 Re8 21.Qb3 Rc8 22.Rac1 Bf8
23.Bxa7 Rxc1 24.Rxc1 b6 25.Rc6 e4 26.fxe4 fxe4 27.Bc4 Qa8 28.Bxd5 Qxa7 29.Bxe4 Bg7
30.Qc4 Qa5 31.Bxg6 Qe1+ 32.Kg2 Rf8 33.Rc8 Qf2+ 34.Kh3 Qf6 35.Rxf8+ Bxf8 36.Bd3 Qe5
37.Qe4 Qxe4 38.Bxe4 Kg7 39.a4 Bb4 40.Kg4 Kf6 41.Kh5 Bd2 42.Bd5 Be3 43.h4 Bf2
44.g4 Be3 45.g5+ hxg5 46.hxg5+  1-0

[Event "Munich op9293"]
[Site "Munich"]
[Date "1993.??.??"]
[Round "2"]
[White "Kozul, Zdenko"]
[Black "Blees, Albert"]
[Result "0-1"]
[WhiteElo "2540"]
[BlackElo "2415"]

1.d4 Nf6 2.Nf3 g6 3.c4 Bg7 4.Nc3 O-O 5.e4 d6 6.Be2 e5 7.O-O Nc6 8.d5 Ne7
9.Ne1 Ne8 10.Nd3 f5 11.f4 exf4 12.Nxf4 c6 13.Be3 Nf6 14.exf5 Nxf5 15.Bf2 Re8
16.Bf3 Bd7 17.Re1 Bh6 18.Ne6 Bxe6 19.dxe6 Bf4 20.g3 Be5 21.c5 Bxc3 22.bxc3 dxc5
23.Bxc5 Qa5 24.Bf2 Qxc3 25.Rc1 Qa3 26.Qe2 Rad8 27.Bg2 Qd3 28.Qb2 Ng4 29.Bxa7 Nxg3
30.Rc3 Qa6 31.Ra3 Rd2 32.Qxd2 Qxa3 33.Bb6 Nf5 34.Qd7 Qe7 35.Qxe7 Rxe7 36.Bc5 Re8
37.Bf1 Nf6 38.Rb1 Ne4 39.Ba7 Nfd6  0-1

[Event "Munich op9293"]
[Site "Munich"]
[Date "1993.??.??"]
[Round "3"]
[White "Ftacnik, Lubomir"]
[Black "Robovic, Saudin"]
[Result "1-0"]
[WhiteElo "2535"]
[BlackElo "2395"]

1.d4 Nf6 2.c4 g6 3.Nc3 Bg7 4.e4 d6 5.Be2 O-O 6.Nf3 e5 7.O-O Nc6 8.d5 Ne7
9.Nd2 a5 10.a3 Nd7 11.Rb1 f5 12.b4 Kh8 13.Qc2 Ng8 14.exf5 gxf5 15.f4 Ne7
16.Nf3 axb4 17.axb4 c6 18.fxe5 Nxe5 19.Bg5 Qe8 20.Nxe5 Bxe5 21.Bf3 cxd5 22.Nxd5 Nxd5
23.Bxd5 f4 24.Rbe1 Qh5 25.Rxe5 dxe5 26.Bxf4 Bd7 27.Qc3 Rf5 28.Bxb7 Re8 29.Be4 Rf6
30.Bf3 Qf5 31.Bg4 Qxg4 32.Bxe5 Bc6 33.Bxf6+ Kg8 34.Qg3 Qxg3 35.hxg3 Re2 36.Rf2 Re1+
37.Kh2 Rc1 38.Be5  1-0

[Event "Munich op9293"]
[Site "Munich"]
[Date "1993.??.??"]
[Round "5"]
[White "Chernin, Alexander"]
[Black "Groszpeter, Attila"]
[Result "1-0"]
[WhiteElo "2600"]
[BlackElo "2520"]

1.d4 Nf6 2.c4 g6 3.Nc3 Bg7 4.e4 d6 5.Nf3 O-O 6.Be2 e5 7.O-O Nc6 8.d5 Ne7
9.Nd2 a5 10.Rb1 Nd7 11.a3 f5 12.b4 Kh8 13.f3 b6 14.Qc2 c5 15.bxc5 Nxc5 16.Nb3 Bd7
17.Nxc5 bxc5 18.Bd2 h6 19.Qb2 Ra6 20.Bd1 Nc8 21.Ba4 Nb6 22.Bb5 Ra7 23.Qb3 a4
24.Qc2 Bxb5 25.Nxb5 Ra6 26.f4 Nd7 27.exf5 gxf5 28.Bc3 e4 29.Bxg7+ Kxg7 30.Nc3 Qf6
31.Rb7 Rf7 32.Nb5 Rb6 33.Rc7 Rxb5 34.cxb5 Qd4+ 35.Kh1 Qxd5 36.Rd1 Qe6 37.Rc6 Qb3
38.Qxb3 axb3 39.a4 e3 40.Kg1 Nf6 41.b6 Ne4 42.Rc7 Nc3 43.Re1  1-0

[Event "Munich op9293"]
[Site "Munich"]
[Date "1993.??.??"]
[Round "6"]
[White "Groszpeter, Attila"]
[Black "Borriss, Martin"]
[Result "1/2-1/2"]
[WhiteElo "2520"]
[BlackElo "2375"]

1.d4 Nf6 2.c4 g6 3.Nc3 Bg7 4.e4 d6 5.Nf3 O-O 6.Be2 e5 7.O-O Nc6 8.Be3 Ng4
9.Bg5 f6 10.Bc1 Kh8 11.h3 exd4 12.Nxd4 Nxd4 13.Qxd4 f5 14.Qd1 Nf6 15.exf5 Bxf5
16.Bf3 Rb8 17.Be3 a6 18.Re1 Nd7 19.Ba7 Ra8 20.Bd4 Ne5 21.Bxb7 Rb8 22.Be4 Rxb2
23.Nd5 Rb8 24.f4 Bxe4 25.Rxe4 c6 26.fxe5 cxd5 27.cxd5 Rb4 28.Qd2 Qa5 29.Rae1 Qa4
30.Qd3 Qxa2 31.Qc3 Qc4 32.Qxc4 Rxc4 33.Bb2 Rxe4 34.Rxe4 dxe5 35.Bxe5 Bxe5
36.Rxe5 Ra8 37.d6 Rd8 38.Re6 Rd7 39.Re7 Rxd6 40.Ra7 Rd1+ 41.Kf2 Ra1 42.g4 Ra3
43.Kg2 h6 44.h4 Kg8 45.Kh2 Kh8 46.Kg2 Kg8 47.Kh2 a5 48.Kg2 Ra1 49.Ra8+ Kf7
50.Ra7+ Kf6 51.Ra6+  1/2-1/2

[Event "Munich op9293"]
[Site "Munich"]
[Date "1993.??.??"]
[Round "7"]
[White "Blees, Albert"]
[Black "Dirr, Ulrich"]
[Result "1-0"]
[WhiteElo "2415"]
[BlackElo "2265"]

1.d4 Nf6 2.c4 g6 3.Nc3 Bg7 4.e4 d6 5.Nf3 O-O 6.Be2 e5 7.O-O Nc6 8.d5 Ne7
9.Bg5 h6 10.Bxf6 Bxf6 11.b4 Bg7 12.Nd2 f5 13.f3 Kh8 14.c5 Ng8 15.Nc4 Nf6
16.Qc2 Rf7 17.a4 Bf8 18.cxd6 cxd6 19.a5 f4 20.Nb5 g5 21.Ra3 g4 22.Rc3 gxf3
23.Bxf3 Bg4 24.Qf2 Bxf3 25.Qxf3 Rg7 26.Rfc1 Ng4 27.h3 Nf6 28.Nd2 Rg3 29.Qf2 Rxc3
30.Rxc3 Qd7 31.Nxa7 Qa4 32.Rb3 Qa1+ 33.Kh2 Qd1 34.Rf3 Nh5 35.Nf1 Be7 36.Nb5 Rg8
37.Nc7 Qb1 38.Qe2 Qxb4 39.Ne6 Qxa5 40.Rb3 Ng3 41.Nxg3 fxg3+ 42.Rxg3 Rxg3
43.Kxg3 Qa8 44.Qg4 Qg8 45.Qxg8+ Kxg8 46.Kf3 Kf7 47.Ke3 Bh4 48.Kd3 Kg6 49.Kc4 Bf2
50.g4 Kf6 51.Nd8 b6 52.Ne6 Kg6 53.Kb5 h5 54.Kc6 Bc5  1-0

[Event "Munich"]
[Site "Munich"]
[Date "1993.??.??"]
[Round "9"]
[White "Gurevich, Mikhail"]
[Black "Gelfand, Boris"]
[Result "1/2-1/2"]
[WhiteElo "2610"]
[BlackElo "2690"]

1.d4 Nf6 2.c4 g6 3.Nc3 Bg7 4.e4 d6 5.Nf3 O-O 6.Be2 e5 7.O-O Nc6 8.d5 Ne7
9.Nd2 a5 10.a3 Bd7 11.b3 Ne8 12.Rb1 f5 13.b4 axb4 14.axb4 Nf6 15.c5 Kh8 16.f3 Nh5
17.Nc4 Nf4 18.Be3 Nc8 19.Kh1 g5 20.Na5 Qe8 21.Nxb7 Ra3 22.c6 Rxc3 23.cxd7 Qxd7
24.Bd2 Ra3 25.Na5 g4 26.Bc1 Nxe2 27.Qxe2 gxf3 28.gxf3 Ra4 29.Bg5 h6 30.Be3 Ne7
31.Rg1 f4 32.Bf2 Bf6 33.Rb3 Rb8 34.Rgb1 Qh3 35.Nc4 Rg8 36.Qf1 Qh5 37.Qe2 Qh3
38.Qf1 Qh5 39.Qe2 Qh3  1/2-1/2

[Event "Nagykanizsa op"]
[Site "Nagykanizsa"]
[Date "1993.??.??"]
[Round "2"]
[White "Lavrov, Andrey"]
[Black "Kecskes, Gabor"]
[Result "0-1"]
[WhiteElo "2385"]
[BlackElo "2220"]

1.d4 Nf6 2.c4 g6 3.Nc3 Bg7 4.e4 d6 5.Nf3 O-O 6.Be2 e5 7.O-O Nc6 8.d5 Ne7
9.Ne1 Nd7 10.Be3 f5 11.f3 f4 12.Bf2 g5 13.a4 Ng6 14.a5 h5 15.Nb5 Nf6 16.c5 g4
17.cxd6 cxd6 18.Nxa7 g3 19.Bb6 gxh2+ 20.Kxh2 Qe7 21.Nxc8 Raxc8 22.a6 bxa6
23.Rxa6 Nd7 24.Bf2 Bf6 25.Nd3 Bh4 26.Qe1 Rf7 27.Rc6 Rb8 28.Rg1 Rg7 29.Bxh4 Nxh4
30.g3 fxg3+ 31.Rxg3 Ng6 32.Rg2 Nf4 33.Rxg7+ Qxg7 34.Nxf4 exf4 35.Rxd6 Rxb2
36.Kh1 Ne5 37.Rd8+ Kh7 38.d6 Nd3 39.Qf1 Qg3 40.Rd7+ Kh6  0-1

[Event "FRA-ch"]
[Site "Nantes"]
[Date "1993.??.??"]
[Round "6"]
[White "Hauchard, Arnaud"]
[Black "Degraeve, Jean Marc"]
[Result "1/2-1/2"]
[WhiteElo "2450"]
[BlackElo "2465"]

1.d4 Nf6 2.c4 g6 3.Nc3 Bg7 4.e4 d6 5.Be2 O-O 6.Nf3 e5 7.O-O Nc6 8.d5 Ne7
9.Ne1 Nd7 10.Nd3 f5 11.Bd2 Kh8 12.Rc1 Nf6 13.f3 c6 14.a4 a5 15.g4 c5 16.h4 Neg8
17.Kg2 b6 18.Rh1 f4 19.Nb5 Ne8  1/2-1/2

[Event "FRA-ch"]
[Site "Nantes"]
[Date "1993.??.??"]
[Round "10"]
[White "Etchegaray, Patrice"]
[Black "Degraeve, Jean Marc"]
[Result "1-0"]
[WhiteElo "2410"]
[BlackElo "2465"]

1.d4 Nf6 2.c4 g6 3.Nc3 Bg7 4.e4 O-O 5.Be2 d6 6.Nf3 e5 7.O-O Nc6 8.d5 Ne7
9.Ne1 Nd7 10.f3 f5 11.g4 Kh8 12.h4 Ng8 13.g5 f4 14.Kg2 Rf7 15.Nd3 h6 16.Rh1 Bf8
17.Qg1 Rh7 18.Kf1 hxg5 19.hxg5 Nc5 20.Rxh7+ Kxh7 21.Qh2+ Kg7 22.Nxf4 Be7
23.b4 Na6 24.Nd3 Bxg5 25.b5 Nb8 26.c5 Nd7 27.c6 bxc6 28.bxc6 Nf8 29.Nb5 Bxc1
30.Rxc1 Ba6 31.Rb1 Bxb5 32.Rxb5 Rb8 33.a4 Rb6 34.Qg1 Rxb5 35.axb5 Qb8 36.Nb4 a5
37.Na6 Qb6 38.Qxb6 cxb6 39.Nc7  1-0

[Event "USA-chJ New York"]
[Site "New York"]
[Date "1993.??.??"]
[Round "?"]
[White "Manion, Josh"]
[Black "Shaked, Tal"]
[Result "1-0"]
[WhiteElo "2310"]
[BlackElo "2440"]

1.d4 Nf6 2.c4 g6 3.Nc3 Bg7 4.e4 d6 5.Nf3 O-O 6.Be2 e5 7.O-O Nc6 8.d5 Ne7
9.b4 a5 10.Ba3 axb4 11.Bxb4 Nd7 12.a4 Bh6 13.a5 f5 14.Nd2 Nc5 15.Bxc5 dxc5
16.Nb3 fxe4 17.Nxe4 Nf5 18.Nbxc5 Nd4 19.Nb3 Qh4 20.Nxd4 exd4 21.Bf3 Bf5 22.Re1 Rae8
23.g3 Qe7 24.Ra2 Bg7 25.Qb3 Kh8 26.Qxb7 Rb8 27.d6 Qf7 28.Qxc7 Bd7 29.Ng5 Qf5
30.a6 Rb1 31.Rxb1 Qxb1+ 32.Kg2 Qxa2 33.Qxd7 Qxa6 34.Ne6 Rg8 35.Nxg7 Rxg7
36.Qe8+ Rg8 37.Qe5+ Rg7 38.d7 Qb6 39.c5 Qd8 40.Qe8+ Rg8 41.Qxd8  1-0

[Event "New York ACC"]
[Site "New York"]
[Date "1993.??.??"]
[Round "1"]
[White "Shapiro, Daniel E"]
[Black "Grosar, Kiti"]
[Result "1/2-1/2"]
[WhiteElo "2320"]
[BlackElo "2120"]

1.d4 Nf6 2.Nf3 g6 3.c4 Bg7 4.Nc3 O-O 5.e4 d6 6.Be2 e5 7.O-O Nc6 8.d5 Ne7
9.b4 Nh5 10.g3 f5 11.Ng5 Nf6 12.f3 f4 13.Kg2 a5 14.bxa5 Rxa5 15.a4 Ne8 16.Bd2 Ra8
17.Ne6 Bxe6 18.dxe6 c6 19.Qb3 Rb8 20.c5 d5 21.exd5 cxd5 22.Bb5 Nc7 23.Bd7 Rf6
24.gxf4 Nxe6 25.fxe5 Nxc5 26.Qb5 Rf8 27.Bh3 b6 28.Rae1 Qc7 29.f4 Rbd8 30.Kh1 d4
31.Ne4 Nxe4 32.Rxe4 Qc2 33.Re2 d3 34.Ref2 Qc6+ 35.Bg2 Qxb5 36.axb5 g5 37.fxg5 Rxf2
38.Rxf2 Bxe5 39.Bf1 Rd5 40.Rf3 Rxb5 41.Bxd3 Rc5 42.h4 Nc6 43.h5 Bb2 44.Rf1 Bc3
45.Bc1 b5 46.Bb1 Ne5 47.Bf5 Rc6 48.Rd1 Nf7 49.Bf4 Be5 50.Bxe5 Nxe5 51.Rd8+ Kf7
52.Rb8 Nf3 53.Rb7+ Kf8 54.g6 hxg6 55.hxg6 Rc1+ 56.Kg2 Nh4+ 57.Kh3 Nxf5 58.Rf7+  1/2-1/2

[Event "New York op"]
[Site "New York"]
[Date "1993.??.??"]
[Round "3"]
[White "Bonin, Jay R"]
[Black "Gonzalez Garcia, Jose"]
[Result "0-1"]
[WhiteElo "2385"]
[BlackElo "2330"]

1.d4 Nf6 2.c4 g6 3.Nc3 Bg7 4.e4 d6 5.Nf3 O-O 6.Be2 e5 7.O-O Nc6 8.d5 Ne7
9.Nd2 a5 10.Rb1 Nd7 11.a3 f5 12.b4 Kh8 13.f3 Ng8 14.c5 axb4 15.axb4 Ndf6
16.Nc4 Nh5 17.Be3 Nf4 18.Kh1 Nf6 19.Qc2 g5 20.Ra1 Rxa1 21.Rxa1 g4 22.Ra8 gxf3
23.gxf3 N6h5 24.cxd6 Qh4 25.d7 Ng3+ 26.Kg1 Ngxe2+ 27.Kf1 Bxd7 28.Rxf8+ Bxf8
29.Nxe5 Bxb4 30.Bxf4 Nxf4 31.Nxd7 Qh3+  0-1